Tilastot visalle Suomen Presidentit - Presidents of Finland

Klikkaa tästä pelataksesi tätä visaa!

Yleistilastot

  • Tätä visaa on pelattu 16 164 kertaa
  • Keskiarvotulos 10 / 12

Vastaustilastot

ToimikautensaPuoluePresidentti% Oikein
2000-2012SosiaalidemokraattiTarja Halonen
98%
2012-KokoomusSauli Niinistö
98%
1956-1982MaalaisliittoUrho Kekkonen
95%
1944-1946SitoutumatonGustaf Mannerheim
92%
1994-2000SosiaalidemokraattiMartti Ahtisaari
88%
1982-1994SosiaalidemokraattiMauno Koivisto
87%
1940-1944EdistyspuolueRisto Ryti
81%
1937-1940MaalaisliittoKyösti Kallio
71%
1931-1937KokoomusP. E. Svinhufvud
70%
1919-1925EdistyspuolueK. J. Ståhlberg
68%
1946-1956KokoomusJ. K. Paasikivi
65%
1925-1931MaalaisliittoLauri Kristian Relander
60%

Tulosjakauma

Persentiili vastausten määrän mukaan

Jokaisen tuloksen saaneiden osuus

Tuloshistoriasi

Et ole pelannut tätä visaa